| 000 | 00544nam a2200181Ia 4500 | ||
|---|---|---|---|
| 003 | OSt | ||
| 005 | 20200817104812.0 | ||
| 008 | 190216s9999||||xx |||||||||||||| ||und|| | ||
| 020 | _a9780199599608 | ||
| 040 | _coclc | ||
| 082 |
_a546 _bATK/I |
||
| 100 |
_aAtkins, Peter _94151 |
||
| 245 | 0 |
_aInorganic Chemistry / _cPeter Atkins ; T Overton ; J Rourke ; M Weller ; F Armstrong |
|
| 250 | _a5th Ed. | ||
| 260 |
_bOxford University Press, _c2010. _aNew York: |
||
| 300 | _a824p | ||
| 942 |
_cBK _2ddc _h546 _iATK/I _k546 _mATK/I |
||
| 999 |
_c3812 _d3812 |
||